Los pilares constitucionales de 1949 /

Збережено в:
Бібліографічні деталі
Автор: Castro Vega, Oscar
Формат: Текст
Предмети:
Теги: Додати тег
Немає тегів, Будьте першим, хто поставить тег для цього запису!

MARC

LEADER 00000 a a2200000 04500
001 17153
003
040
100 |a Castro Vega, Oscar  
245 |a Los pilares constitucionales de 1949 /  |c Oscar Castro Vega 
650 |a REFORMA CONSTITUCIONAL  
650 |a IDEOLOGIAS POLITICAS  
650 |a PARTIDOS POLITICOS  
650 |a PARTICIPACION POLITICA  
650 |a SISTEMAS POLITICOS  
773 |g volumen 7, número 2; páginas 383-410  
999 |c 38379  |d 38379